[Event "25th Abu Dhabi Master 2018"]
[Site "Abu Dhabi"]
[Date "2018.08.15"]
[Round "9"]
[White "Pantsulaia, Levan"]
[Black "Harsha Bharathakoti"]
[Result "0-1"]
[WhiteElo "2587"]
[BlackElo "2454"]
[Annotator "TA"]
[PlyCount "83"]
[EventDate "2018.08.05"]
[EventType "swiss"]
[EventCountry "UAE"]
[SourceTitle "playchess.com"]
[Source "ChessBase"]
[SourceQuality "1"]

1. Nf3 d5 2. g3 Bg4 3. Bg2 Nd7 4. c4 e6 5. cxd5 exd5 6. h3 Bxf3 7. Bxf3 Ngf6 8. O-O c6 9. d3 Bc5 10. Bg2 O-O 11. e4 dxe4 12. dxe4 Ne5 13. Qc2 Qe7 14. Bg5 Rad8 15. Kh1 h6 16. Bxf6 gxf6 17. f4 Nd3 18. Nc3 Rd7 19. Qe2 Rfd8 20. Kh2 Bd4 21. Rad1 Nc5 22. h4 Bxc3 23. Rxd7 Qxd7 24. bxc3 Qd3 25. Qg4+ Kf8 26. Qf5 Qxc3 27. Rf2 Nd3 28. Re2 Nc1 29. Rf2 Nd3 30. Re2 Ne1 31. Kh3 Nxg2 32. Rxg2 Qd4 33. Qh7 Ke7 34. e5 fxe5 35. Re2 Rd5 36. Qxh6 Qd3 37. Qg5+ f6 38. Qg7+ Ke6 39. Rf2 Qf5+ 40. Kg2 exf4 41. Re2+ Re5 42. Qg8+ 0-1

[Event "25th Abu Dhabi Master 2018"]
[Site "Abu Dhabi"]
[Date "2018.08.15"]
[Round "9"]
[White "Jojua, Davit"]
[Black "Le, Quang Liem"]
[Result "1-0"]
[WhiteElo "2583"]
[BlackElo "2727"]
[Annotator "TA"]
[PlyCount "99"]
[EventDate "2018.08.05"]
[EventType "swiss"]
[EventCountry "UAE"]
[SourceTitle "playchess.com"]
[Source "ChessBase"]
[SourceQuality "1"]

1. d4 Nf6 2. c4 e6 3. g3 Bb4+ 4. Bd2 Be7 5. Bg2 d5 6. Nf3 O-O 7. O-O Nbd7 8. Qc2 Ne4 9. Bf4 c6 10. Nc3 g5 11. Be3 Nd6 12. cxd5 exd5 13. Rad1 Re8 14. Bc1 Nb6 15. b3 Bf6 16. Qd2 g4 17. Ne5 Bg7 18. Rfe1 f6 19. Nd3 f5 20. Nf4 Be6 21. h3 Bf7 22. Qc2 h5 23. h4 Ne4 24. a4 Nd7 25. Ba3 Rc8 26. e3 c5 27. Nxe4 fxe4 28. dxc5 Nxc5 29. Bxc5 b6 30. b4 bxc5 31. bxc5 Qa5 32. Rc1 Rb8 33. c6 Rb4 34. Qc5 Rxa4 35. Red1 Qxc5 36. Rxc5 Bf8 37. Rcc1 Rc8 38. Nxd5 Kg7 39. c7 Ba3 40. Rc2 Bd6 41. Rc6 Bf8 42. Nf4 Be7 43. Nd5 Kf8 44. Rb1 Bxd5 45. Rb8 Bxc6 46. Rxc8+ Kf7 47. Rf8+ Bxf8 48. c8=Q Be8 49. Bxe4 Rb4 50. Bd5+ 1-0

[Event "25th Abu Dhabi Master 2018"]
[Site "Abu Dhabi"]
[Date "2018.08.15"]
[Round "9"]
[White "Aravindh, Chithambaram VR"]
[Black "Salem, A.R. Saleh"]
[Result "0-1"]
[WhiteElo "2581"]
[BlackElo "2636"]
[Annotator "TA"]
[PlyCount "76"]
[EventDate "2018.08.05"]
[EventType "swiss"]
[EventCountry "UAE"]
[SourceTitle "playchess.com"]
[Source "ChessBase"]
[SourceQuality "1"]

1. e4 c5 2. Nf3 d6 3. d4 cxd4 4. Nxd4 Nf6 5. Nc3 a6 6. f3 e5 7. Nb3 Be6 8. Be3 h5 9. Nd5 Bxd5 10. exd5 Nbd7 11. Qd2 g6 12. O-O-O b6 13. Kb1 Bg7 14. Be2 O-O 15. h3 Qc7 16. g4 Rfc8 17. Rc1 Qb7 18. Rhd1 Re8 19. c3 Rac8 20. Na1 b5 21. g5 Nh7 22. Nb3 Nhf8 23. Na5 Qa8 24. h4 Nc5 25. Nc6 Nfd7 26. c4 e4 27. f4 bxc4 28. Bxc4 Nb6 29. Qg2 Nxc4 30. Rxc4 Nd3 31. Rd2 Qb7 32. Rxe4 Nxb2 33. Rb4 Qxb4 34. Nxb4 Rxe3 35. Nc6 Rce8 36. f5 Nc4 37. f6 Re1+ 38. Kc2 Ne3+ 0-1

[Event "25th Abu Dhabi Master 2018"]
[Site "Abu Dhabi"]
[Date "2018.08.15"]
[Round "9"]
[White "Narayanan S L"]
[Black "Swapnil, S  Dhopade"]
[Result "1/2-1/2"]
[WhiteElo "2574"]
[BlackElo "2487"]
[Annotator "TA"]
[PlyCount "77"]
[EventDate "2018.08.05"]
[EventType "swiss"]
[EventCountry "UAE"]
[SourceTitle "playchess.com"]
[Source "ChessBase"]
[SourceQuality "1"]

1. d4 Nf6 2. c4 e6 3. Nf3 d5 4. Nc3 dxc4 5. e4 Bb4 6. Bxc4 Nxe4 7. O-O Nxc3 8. bxc3 Bd6 9. Ng5 h6 10. Ne4 O-O 11. Re1 Nd7 12. Qf3 Nf6 13. Nxf6+ Qxf6 14. Qxf6 gxf6 15. Bxh6 Rd8 16. Re4 Kh7 17. Rh4 Kg6 18. Re1 Rh8 19. Rg4+ Kh5 20. Bg7 Kxg4 21. Bxh8 Kg5 22. h4+ Kg6 23. Bd3+ f5 24. g4 Bd7 25. Be5 Bxe5 26. Rxe5 Rh8 27. h5+ Kf6 28. f3 fxg4 29. fxg4 Rg8 30. Be2 Rg5 31. Kf2 Rxe5 32. dxe5+ Kg5 33. Ke3 c5 34. c4 b6 35. Bd3 Ba4 36. Be4 Bd1 37. Bf3 Ba4 38. Be4 Bd1 39. Bf3 1/2-1/2

[Event "25th Abu Dhabi Master 2018"]
[Site "Abu Dhabi"]
[Date "2018.08.15"]
[Round "9"]
[White "Istratescu, Andrei"]
[Black "Sadhwani, Raunak"]
[Result "1-0"]
[WhiteElo "2573"]
[BlackElo "2424"]
[Annotator "ChessBase"]
[PlyCount "83"]
[EventDate "2018.08.05"]
[EventType "swiss"]
[EventCountry "UAE"]
[SourceTitle "playchess.com"]
[Source "ChessBase"]
[SourceQuality "1"]

1. d4 Nf6 2. c4 g6 3. Nc3 Bg7 4. e4 d6 5. Nf3 O-O 6. Be2 e5 7. d5 a5 8. Bg5 h6 9. Bh4 Qe8 10. Nd2 Nh7 11. O-O h5 12. f3 Bh6 13. Kh1 Na6 14. b3 Nc5 15. Rb1 f5 16. a3 f4 17. b4 Na6 18. Bf2 g5 19. c5 Qg6 20. Bxa6 bxa6 21. b5 g4 22. b6 cxb6 23. Rxb6 g3 24. Rxd6 Nf6 25. Be1 Qg5 26. Qe2 Ra7 27. h3 Rg7 28. Kg1 Kh8 29. Rxa6 Bxa6 30. Qxa6 Nh7 31. Nc4 Rg6 32. d6 Qh4 33. Nxe5 Re6 34. Nd7 Rg8 35. Nd5 Bg7 36. e5 Ng5 37. Qe2 Nxh3+ 38. gxh3 Qxh3 39. Nxf4 Qf5 40. Qe4 Qf7 41. Nxe6 Qxe6 42. Qh4 1-0

[Event "25th Abu Dhabi Master 2018"]
[Site "Abu Dhabi"]
[Date "2018.08.15"]
[Round "9"]
[White "Fier, Alexandr"]
[Black "Anand Nadar"]
[Result "1-0"]
[WhiteElo "2561"]
[BlackElo "2377"]
[Annotator "TA"]
[PlyCount "77"]
[EventDate "2018.08.05"]
[EventType "swiss"]
[EventCountry "UAE"]
[SourceTitle "playchess.com"]
[Source "ChessBase"]
[SourceQuality "1"]

1. e4 e5 2. Nf3 Nc6 3. Bc4 Bc5 4. c3 Nf6 5. d4 exd4 6. e5 d5 7. Be2 Ne4 8. cxd4 Bb6 9. Nc3 O-O 10. Be3 f6 11. exf6 Nxf6 12. O-O Bg4 13. h3 Bh5 14. Rc1 Ne7 15. g4 Be8 16. Ne5 Nd7 17. Nd3 c6 18. f4 Bc7 19. Qd2 Ng6 20. Ne5 Ndxe5 21. fxe5 Bf7 22. Bd3 c5 23. Bg5 Qd7 24. Nb5 c4 25. Nxc7 Qxc7 26. Bf5 Qb6 27. Rf2 Be6 28. Rcf1 a5 29. h4 Rfe8 30. h5 Nf8 31. Qf4 a4 32. h6 g6 33. Bc2 Nd7 34. Bxg6 hxg6 35. h7+ Kxh7 36. Rh2+ Kg8 37. Rh6 Bf5 38. gxf5 Nxe5 39. fxg6 1-0

[Event "25th Abu Dhabi Master 2018"]
[Site "Abu Dhabi"]
[Date "2018.08.15"]
[Round "9"]
[White "Firouzja, Alireza"]
[Black "Omar, Noaman"]
[Result "1-0"]
[WhiteElo "2561"]
[BlackElo "2353"]
[Annotator "ChessBase"]
[PlyCount "73"]
[EventDate "2018.08.05"]
[EventType "swiss"]
[EventCountry "UAE"]
[SourceTitle "playchess.com"]
[Source "ChessBase"]
[SourceQuality "1"]

1. e4 c6 2. Nf3 d5 3. Nc3 Bg4 4. h3 Bxf3 5. Qxf3 Nf6 6. Be2 e6 7. O-O d4 8. Nb1 Nbd7 9. d3 Bd6 10. g3 Rg8 11. c3 c5 12. h4 h6 13. cxd4 cxd4 14. e5 Bxe5 15. Qxb7 Qc8 16. Qxc8+ Rxc8 17. Na3 g5 18. hxg5 hxg5 19. Bd2 Nc5 20. Rac1 Kd7 21. Rc4 Nd5 22. Rfc1 Nb7 23. Bd1 Nb6 24. Rxc8 Rxc8 25. Rxc8 Kxc8 26. Bxg5 Nc5 27. Bc2 a6 28. b4 Nca4 29. Nc4 Nxc4 30. dxc4 Nb2 31. Bb3 d3 32. Bd2 Bd4 33. g4 e5 34. Kg2 e4 35. g5 Kd7 36. Kg3 Ke6 37. Kf4 1-0

[Event "25th Abu Dhabi Master 2018"]
[Site "Abu Dhabi"]
[Date "2018.08.15"]
[Round "9"]
[White "Debashis, Das"]
[Black "Abdusattorov, Nodirbek"]
[Result "1/2-1/2"]
[WhiteElo "2539"]
[BlackElo "2539"]
[Annotator "TA"]
[PlyCount "31"]
[EventDate "2018.08.05"]
[EventType "swiss"]
[EventCountry "UAE"]
[SourceTitle "playchess.com"]
[Source "ChessBase"]
[SourceQuality "1"]

1. d4 Nf6 2. c4 e6 3. Nc3 Bb4 4. Nf3 O-O 5. Qc2 d5 6. a3 Bxc3+ 7. Qxc3 dxc4 8. Qxc4 b6 9. Bg5 Ba6 10. Qa4 h6 11. Bh4 Bb7 12. e3 Qd7 13. Bb5 c6 14. Be2 c5 15. Qd1 cxd4 16. Qxd4 1/2-1/2

[Event "25th Abu Dhabi Master 2018"]
[Site "Abu Dhabi"]
[Date "2018.08.15"]
[Round "9"]
[White "Aryan Chopra"]
[Black "Ahmad, Al Khatib"]
[Result "1-0"]
[WhiteElo "2536"]
[BlackElo "2336"]
[Annotator "ChessBase"]
[PlyCount "71"]
[EventDate "2018.08.05"]
[EventType "swiss"]
[EventCountry "UAE"]
[SourceTitle "playchess.com"]
[Source "ChessBase"]
[SourceQuality "1"]

1. e4 c5 2. Nf3 g6 3. d4 cxd4 4. Nxd4 Bg7 5. c4 Nc6 6. Be3 Nf6 7. Nc3 O-O 8. Be2 d6 9. O-O Nxd4 10. Bxd4 Bd7 11. Qd3 a5 12. b3 Bc6 13. a3 Nd7 14. Bxg7 Kxg7 15. b4 axb4 16. axb4 Rxa1 17. Rxa1 Qb6 18. Rb1 Ne5 19. Qg3 Qd4 20. Rd1 Qb6 21. b5 Bd7 22. Nd5 Qc5 23. Nxe7 Re8 24. Nd5 Nxc4 25. Qf4 f5 26. Qh4 Re6 27. Qd8 Bxb5 28. h4 Nb2 29. Re1 Bc6 30. Qc7+ Kh6 31. Qf7 Re8 32. g4 fxg4 33. Nf6 Rh8 34. Nxg4+ Kh5 35. Qf4 g5 36. Ne5+ 1-0

[Event "25th Abu Dhabi Master 2018"]
[Site "Abu Dhabi"]
[Date "2018.08.15"]
[Round "9"]
[White "Shyam, Sundar M"]
[Black "Zuo, Yifan"]
[Result "1/2-1/2"]
[WhiteElo "2527"]
[BlackElo "2334"]
[Annotator "ChessBase"]
[PlyCount "111"]
[EventDate "2018.08.05"]
[EventType "swiss"]
[EventCountry "UAE"]
[SourceTitle "playchess.com"]
[Source "ChessBase"]
[SourceQuality "1"]

1. e4 c5 2. Nf3 Nc6 3. d4 cxd4 4. Nxd4 g6 5. c4 Nf6 6. Nc3 Nxd4 7. Qxd4 d6 8. Be2 Bg7 9. Be3 O-O 10. Qd2 Be6 11. Rc1 Qa5 12. f3 Rfc8 13. b3 Nd7 14. O-O a6 15. f4 Nc5 16. Bf3 Rab8 17. Bd4 Qb6 18. Rcd1 Bxd4+ 19. Qxd4 Nd7 20. f5 gxf5 21. exf5 Qxd4+ 22. Rxd4 Bxf5 23. Bxb7 Rxb7 24. Rxf5 Rc5 25. Rxc5 Nxc5 26. Ne4 Nxe4 27. Rxe4 a5 28. Kf2 Kf8 29. Kf3 a4 30. Re3 e6 31. g4 Ke7 32. Ke4 axb3 33. axb3 Rb8 34. Kd4 Rg8 35. Rg3 Ra8 36. Rh3 Rg8 37. Rg3 Ra8 38. b4 Ra4 39. Rb3 Kd7 40. g5 e5+ 41. Kd5 Ra2 42. c5 Rd2+ 43. Kc4 dxc5 44. bxc5 Rxh2 45. Kd5 h6 46. gxh6 Rxh6 47. Rb7+ Kc8 48. c6 e4 49. Rxf7 e3 50. Re7 Rh1 51. Re8+ Kc7 52. Re7+ Kc8 53. Rxe3 Rd1+ 54. Kc5 Rc1+ 55. Kd6 Rd1+ 56. Kc5 1/2-1/2

[Event "25th Abu Dhabi Master 2018"]
[Site "Abu Dhabi"]
[Date "2018.08.15"]
[Round "9"]
[White "Lalith Babu M R"]
[Black "Koustav Chatterjee"]
[Result "1-0"]
[WhiteElo "2520"]
[BlackElo "2325"]
[Annotator "TA"]
[PlyCount "41"]
[EventDate "2018.08.05"]
[EventType "swiss"]
[EventCountry "UAE"]
[SourceTitle "playchess.com"]
[Source "ChessBase"]
[SourceQuality "1"]

1. d4 Nf6 2. Nf3 d5 3. c4 e6 4. g3 Be7 5. Bg2 O-O 6. O-O dxc4 7. Ne5 Nc6 8. Nxc6 bxc6 9. Na3 Bxa3 10. bxa3 Rb8 11. Qa4 Rb6 12. Bd2 Nd5 13. e4 Rb2 14. Be1 Nb6 15. Qd1 c5 16. Bc3 Rb5 17. a4 cxd4 18. axb5 dxc3 19. Qc2 Qd3 20. Rfc1 Rd8 21. Rd1 1-0

[Event "25th Abu Dhabi Master 2018"]
[Site "Abu Dhabi"]
[Date "2018.08.15"]
[Round "9"]
[White "Erigaisi Arjun"]
[Black "Krishna Teja, N."]
[Result "1-0"]
[WhiteElo "2517"]
[BlackElo "2389"]
[Annotator "TA"]
[PlyCount "135"]
[EventDate "2018.08.05"]
[EventType "swiss"]
[EventCountry "UAE"]
[SourceTitle "playchess.com"]
[Source "ChessBase"]
[SourceQuality "1"]

1. d4 e6 2. Nf3 Nf6 3. Bg5 c5 4. e3 Nc6 5. Nbd2 d5 6. c3 Be7 7. Bd3 b6 8. Qe2 Bb7 9. Rd1 Qc7 10. dxc5 bxc5 11. e4 dxe4 12. Nxe4 Nxe4 13. Bxe4 Bxg5 14. Nxg5 h6 15. Nf3 O-O 16. O-O Rfd8 17. g3 Qb6 18. Rfe1 Ne7 19. Ne5 Bxe4 20. Qxe4 Nd5 21. Qf3 Nf6 22. Nc6 Qb7 23. b3 Rdc8 24. Ne5 Qxf3 25. Nxf3 c4 26. b4 Nd5 27. Rc1 a5 28. b5 a4 29. Nd4 Rab8 30. a3 Rc5 31. Rc2 Rb6 32. f4 Kf8 33. Kf2 g6 34. Ke2 Ke8 35. Kd2 Kd7 36. Rb2 Kd6 37. Kc2 g5 38. f5 e5 39. Nf3 Nf6 40. Nd2 Kd5 41. Rb4 Rcxb5 42. Nxc4 Rxb4 43. Ne3+ Ke4 44. axb4 Rb8 45. Nc4+ Kxf5 46. Ra1 h5 47. Rxa4 Ng4 48. Kd3 Nxh2 49. Ne3+ Kg6 50. Ke4 f6 51. Ra2 Ng4 52. Nxg4 hxg4 53. Rb2 Rb5 54. c4 f5+ 55. Ke3 Rb8 56. c5 Kf6 57. c6 Ke6 58. b5 Kd6 59. Kd3 f4 60. Kc4 e4 61. Rd2+ Ke7 62. c7 Rc8 63. b6 e3 64. Re2 Kd6 65. Kb5 Rf8 66. Re1 Rc8 67. Rd1+ Ke7 68. b7 1-0

[Event "25th Abu Dhabi Master 2018"]
[Site "Abu Dhabi"]
[Date "2018.08.15"]
[Round "9"]
[White "Vishnu Prasanna  V"]
[Black "Siva Mahadevan"]
[Result "1/2-1/2"]
[WhiteElo "2517"]
[BlackElo "2331"]
[Annotator "TA"]
[PlyCount "83"]
[EventDate "2018.08.05"]
[EventType "swiss"]
[EventCountry "UAE"]
[SourceTitle "playchess.com"]
[Source "ChessBase"]
[SourceQuality "1"]

1. e4 c5 2. Nc3 a6 3. g3 b5 4. Bg2 Bb7 5. d3 e6 6. Nh3 Nf6 7. O-O b4 8. Ne2 d5 9. e5 Nfd7 10. f4 Be7 11. c4 Nb6 12. f5 exf5 13. Nef4 O-O 14. e6 Ra7 15. exf7+ Rxf7 16. Ne6 Qd7 17. Neg5 Rf8 18. Qh5 Bxg5 19. Nxg5 g6 20. Qh4 dxc4 21. Bxb7 Rxb7 22. dxc4 Re8 23. Nf3 Nc6 24. Bh6 Qf7 25. b3 Rbe7 26. Rad1 Re4 27. Bf4 Qb7 28. Qf6 R4e6 29. Qa1 Re2 30. Rf2 R2e4 31. Qf6 R8e6 32. Qh4 Nd4 33. Nxd4 cxd4 34. Qd8+ Re8 35. Qc7 Re1+ 36. Rxe1 Rxe1+ 37. Rf1 Rxf1+ 38. Kxf1 Qh1+ 39. Ke2 Qg2+ 40. Kd3 Qe4+ 41. Kd2 Qg2+ 42. Kd3 1/2-1/2

[Event "25th Abu Dhabi Master 2018"]
[Site "Abu Dhabi"]
[Date "2018.08.15"]
[Round "9"]
[White "Puranik, Abhimanyu"]
[Black "Sjugirov, Sanan"]
[Result "1-0"]
[WhiteElo "2514"]
[BlackElo "2677"]
[Annotator "TA"]
[PlyCount "191"]
[EventDate "2018.08.05"]
[EventType "swiss"]
[EventCountry "UAE"]
[SourceTitle "playchess.com"]
[Source "ChessBase"]
[SourceQuality "1"]

1. e4 g6 2. d4 Bg7 3. Nc3 d6 4. g3 Nf6 5. Bg2 O-O 6. Nge2 e5 7. O-O exd4 8. Nxd4 Re8 9. h3 Nc6 10. Be3 Bd7 11. Re1 Qc8 12. Kh2 Re5 13. g4 h5 14. g5 Nh7 15. f4 Re8 16. h4 Nxd4 17. Bxd4 Bxd4 18. Qxd4 Bc6 19. Rad1 Qg4 20. Qf2 Qe6 21. b3 f6 22. Bf1 Qe7 23. Bc4+ Kh8 24. Qg3 Qg7 25. Re3 Rf8 26. Bd5 Rae8 27. Bxc6 bxc6 28. Ne2 Rf7 29. f5 fxg5 30. hxg5 gxf5 31. g6 h4 32. Qxh4 Qxg6 33. exf5 Rxf5 34. Rxe8+ Qxe8 35. Ng3 Qe5 36. Rd2 Qf4 37. Qxf4 Rxf4 38. Kg2 Kg8 39. Ne2 Rf7 40. Nd4 c5 41. Nc6 a6 42. Nb8 Ng5 43. Re2 Kg7 44. Nxa6 c6 45. a4 Rb7 46. Re8 Ra7 47. Nb8 Rc7 48. a5 Nf7 49. a6 Ra7 50. Re6 Ra8 51. Nxc6 Rxa6 52. Ne7 Ra2 53. Nf5+ Kf8 54. Re2 d5 55. Kf3 Ra1 56. Ne3 d4 57. Nc4 Ra6 58. Ne5 Rd6 59. Nd3 Rc6 60. Kf4 c4 61. bxc4 Rxc4 62. Ke4 Ra4 63. Kd5 Kg7 64. Nc5 Ra8 65. Kxd4 Rd8+ 66. Kc3 Rc8 67. Kb4 Rb8+ 68. Kc4 Rc8 69. c3 Kf6 70. Kb4 Rb8+ 71. Kc4 Rc8 72. Kd5 Rd8+ 73. Kc6 Rc8+ 74. Kb6 Ne5 75. Re4 Rc6+ 76. Kb5 Rc8 77. Rd4 Rb8+ 78. Ka6 Rb1 79. Nd3 Nxd3 80. Rxd3 Rb3 81. Re3 Kf5 82. Ka5 Kf6 83. Ka4 Rb8 84. c4 Rc8 85. Kb4 Rb8+ 86. Kc3 Rc8 87. Re2 Kf5 88. Re1 Kf6 89. Kb4 Rb8+ 90. Kc5 Rc8+ 91. Kb5 Rb8+ 92. Ka6 Rc8 93. Rc1 Ke7 94. Kb7 Rc5 95. Kb6 Rh5 96. Rd1 1-0

[Event "25th Abu Dhabi Master 2018"]
[Site "Abu Dhabi"]
[Date "2018.08.15"]
[Round "9"]
[White "Kuybokarov, Temur"]
[Black "Wang, Hao"]
[Result "0-1"]
[WhiteElo "2499"]
[BlackElo "2711"]
[Annotator "TA"]
[PlyCount "80"]
[EventDate "2018.08.05"]
[EventType "swiss"]
[EventCountry "UAE"]
[SourceTitle "playchess.com"]
[Source "ChessBase"]
[SourceQuality "1"]

1. d4 Nf6 2. c4 e6 3. g3 c5 4. d5 exd5 5. cxd5 d6 6. Nc3 g6 7. Bg2 Bg7 8. Nf3 O-O 9. O-O Re8 10. Bf4 h6 11. Qc1 g5 12. Bd2 Bf5 13. h4 g4 14. Ne1 Kh7 15. Nc2 Bg6 16. Ne3 Qd7 17. a4 Na6 18. Nc4 Nb4 19. Bf4 Bf8 20. Qd2 Nh5 21. e4 Nxf4 22. gxf4 Qd8 23. h5 Bxh5 24. e5 dxe5 25. fxe5 Bg7 26. Ne4 Qh4 27. Ra3 Bg6 28. d6 Rxe5 29. Nxe5 Bxe5 30. Rc1 b6 31. Nxc5 bxc5 32. d7 Rd8 33. Rxc5 g3 34. Rc8 gxf2+ 35. Kf1 Qh2 36. Kxf2 Be4 37. Rf3 Bxf3 38. Kxf3 Qg3+ 39. Ke4 Rxd7 40. Qxd7 Qf4# 0-1

[Event "25th Abu Dhabi Master 2018"]
[Site "Abu Dhabi"]
[Date "2018.08.15"]
[Round "9"]
[White "Sindarov, Javokhir"]
[Black "Kravtsiv, Martyn"]
[Result "1/2-1/2"]
[WhiteElo "2488"]
[BlackElo "2654"]
[Annotator "TA"]
[PlyCount "50"]
[EventDate "2018.08.05"]
[EventType "swiss"]
[EventCountry "UAE"]
[SourceTitle "playchess.com"]
[Source "ChessBase"]
[SourceQuality "1"]

1. e4 e5 2. Nf3 Nc6 3. d4 exd4 4. Nxd4 Nf6 5. Nxc6 bxc6 6. e5 Qe7 7. Qe2 Nd5 8. c4 Ba6 9. b3 g6 10. Bb2 Bg7 11. g3 O-O 12. Bg2 Rae8 13. O-O Bxe5 14. Qxe5 Qxe5 15. Bxe5 Rxe5 16. cxd5 Bxf1 17. Kxf1 cxd5 18. Na3 c6 19. Rd1 f5 20. Nc2 f4 21. Nd4 fxg3 22. hxg3 c5 23. Nf3 Ref5 24. g4 Rxf3 25. Bxf3 Rxf3 1/2-1/2

[Event "25th Abu Dhabi Master 2018"]
[Site "Abu Dhabi"]
[Date "2018.08.15"]
[Round "9"]
[White "Kunte, Abhijit"]
[Black "Dushyant Sharma"]
[Result "1-0"]
[WhiteElo "2485"]
[BlackElo "2221"]
[Annotator "RC"]
[PlyCount "87"]
[EventDate "2018.08.05"]
[EventType "swiss"]
[EventCountry "UAE"]
[SourceTitle "playchess.com"]
[Source "ChessBase"]
[SourceQuality "1"]

1. Nf3 Nf6 2. g3 d5 3. Bg2 e6 4. O-O c5 5. c4 Nc6 6. d4 dxc4 7. dxc5 Bxc5 8. Qxd8+ Kxd8 9. Nbd2 Ke7 10. Nxc4 Rd8 11. a3 a6 12. Bf4 Nd5 13. Bd2 Bd7 14. Rac1 Ba7 15. Rfe1 Be8 16. e4 Nf6 17. Nfe5 Kf8 18. Nxc6 Bxc6 19. Ba5 Rd4 20. Bb4+ Kg8 21. Na5 Bxe4 22. Bc3 Ra4 23. b3 Bxg2 24. bxa4 Bd5 25. Bxf6 gxf6 26. Nc4 Bd4 27. Red1 Be5 28. Nb6 Rd8 29. Nxd5 exd5 30. Kf1 Rd7 31. Rd3 Kg7 32. f4 Bb8 33. Rcd1 Rc7 34. Rxd5 Rc2 35. R5d2 Rc3 36. Rb1 Ba7 37. Rxb7 Rc1+ 38. Kg2 Bc5 39. Rc7 a5 40. Kh3 Be3 41. Rxc1 Bxd2 42. Rc5 Kg6 43. Kg4 Be1 44. Kf3 1-0

[Event "25th Abu Dhabi Master 2018"]
[Site "Abu Dhabi"]
[Date "2018.08.15"]
[Round "9"]
[White "Iniyan, P."]
[Black "Short, Nigel D"]
[Result "0-1"]
[WhiteElo "2464"]
[BlackElo "2659"]
[Annotator "TA"]
[PlyCount "80"]
[EventDate "2018.08.05"]
[EventType "swiss"]
[EventCountry "UAE"]
[SourceTitle "playchess.com"]
[Source "ChessBase"]
[SourceQuality "1"]

1. d4 e6 2. c4 Bb4+ 3. Bd2 a5 4. g3 d5 5. cxd5 exd5 6. Bg2 Nf6 7. Nf3 O-O 8. O-O Re8 9. Bf4 c6 10. Nbd2 Bf5 11. a3 Bf8 12. Qb3 Qc8 13. Ne5 a4 14. Qc3 Bh3 15. b4 Bxg2 16. Kxg2 Na6 17. Qf3 Nc7 18. g4 Nb5 19. e3 Ne4 20. Nxe4 dxe4 21. Qe2 Nc3 22. Qc2 Nd5 23. h3 f6 24. Nc4 h5 25. Qe2 hxg4 26. Qxg4 Re6 27. Bg3 Qe8 28. Rae1 b5 29. Nd2 Qf7 30. f4 f5 31. Qe2 Rh6 32. Rc1 Rd8 33. Rh1 Be7 34. h4 Rdd6 35. h5 Kf8 36. Nf1 Nf6 37. Rc5 Nxh5 38. d5 Nxg3 39. dxc6 Nxe2 40. c7 Nxf4+ 0-1

[Event "25th Abu Dhabi Master 2018"]
[Site "Abu Dhabi"]
[Date "2018.08.15"]
[Round "9"]
[White "Nguyen, Anh Khoi"]
[Black "Fedoseev, Vladimir"]
[Result "0-1"]
[WhiteElo "2454"]
[BlackElo "2707"]
[Annotator "TA"]
[PlyCount "124"]
[EventDate "2018.08.05"]
[EventType "swiss"]
[EventCountry "UAE"]
[SourceTitle "playchess.com"]
[Source "ChessBase"]
[SourceQuality "1"]

1. d4 d5 2. c4 e6 3. Nf3 Nf6 4. g3 Bb4+ 5. Bd2 Be7 6. Bg2 O-O 7. O-O Nbd7 8. Qc2 c6 9. Bf4 h6 10. b3 b6 11. Rd1 Ba6 12. Ne5 Nxe5 13. dxe5 Nd7 14. cxd5 cxd5 15. e4 Rc8 16. Qd2 g5 17. Be3 Nxe5 18. exd5 exd5 19. Nc3 Bb4 20. Bd4 Nc6 21. a3 Nxd4 22. axb4 Nxb3 23. Qb2 Nxa1 24. Nxd5 f5 25. Qxa1 Bb7 26. Nf4 Qc7 27. Ne6 Qf7 28. Nxf8 Rxf8 29. Qxa7 Bxg2 30. Qxf7+ Kxf7 31. Kxg2 Ke6 32. Rc1 Rd8 33. Kf3 Rd4 34. Rc6+ Rd6 35. Rc7 Kd5 36. b5 Kd4 37. h4 Ke5 38. hxg5 hxg5 39. Rb7 Kd4 40. Rg7 g4+ 41. Kf4 Rd5 42. Rg6 Rxb5 43. Rd6+ Kc4 44. Rc6+ Kd3 45. Re6 Kd2 46. Kg5 Kc3 47. Re3+ Kd4 48. Re6 Kc4 49. Kf4 Kb4 50. Ke3 Ka5 51. Kd4 Rb4+ 52. Kc3 f4 53. gxf4 Rxf4 54. Re2 b5 55. Kb3 Rf3+ 56. Kb2 b4 57. Rd2 Kb5 58. Rc2 Rd3 59. Re2 Kc4 60. Re4+ Rd4 61. Re2 Kd3 62. Re3+ Kd2 0-1

[Event "25th Abu Dhabi Master 2018"]
[Site "Abu Dhabi"]
[Date "2018.08.15"]
[Round "9"]
[White "Halvax, Georg"]
[Black "Adly, Ahmed"]
[Result "1/2-1/2"]
[WhiteElo "2437"]
[BlackElo "2634"]
[Annotator "TA"]
[PlyCount "95"]
[EventDate "2018.08.05"]
[EventType "swiss"]
[EventCountry "UAE"]
[SourceTitle "playchess.com"]
[Source "ChessBase"]
[SourceQuality "1"]

1. e4 c5 2. Nf3 Nc6 3. d4 cxd4 4. Nxd4 Nf6 5. Nc3 d6 6. Bg5 Bd7 7. Qd2 Rc8 8. O-O-O Nxd4 9. Qxd4 Qa5 10. h4 Ng4 11. f3 Ne5 12. Kb1 Nc6 13. Qd2 g6 14. Nd5 Qxd2 15. Rxd2 Bg7 16. Bb5 h6 17. Be3 f5 18. exf5 gxf5 19. Re1 e5 20. Nc3 a6 21. Ba4 Bf8 22. g4 Be7 23. gxf5 Bxf5 24. f4 Bxh4 25. Rh1 Be7 26. fxe5 dxe5 27. Rh5 Bg6 28. Bxc6+ Rxc6 29. Rxe5 Bf7 30. Nd5 Bxd5 31. Rdxd5 Rf8 32. c3 Rff6 33. Rh5 Rce6 34. Rh3 Rg6 35. a4 Bf8 36. a5 Rg4 37. Bb6 Bd6 38. Rhd3 Rgg6 39. c4 Be5 40. Rd8+ Kf7 41. Bc5 Rc6 42. R3d5 Bc7 43. Rf8+ Ke6 44. Re8+ Kf6 45. Rf8+ Ke6 46. Re8+ Kf6 47. Rf8+ Ke6 48. Re8+ 1/2-1/2

[Event "25th Abu Dhabi Master 2018"]
[Site "Abu Dhabi"]
[Date "2018.08.15"]
[Round "9"]
[White "Sundararajan, Kidambi"]
[Black "Petrosian, Tigran L"]
[Result "0-1"]
[WhiteElo "2433"]
[BlackElo "2610"]
[Annotator "TA"]
[PlyCount "200"]
[EventDate "2018.08.05"]
[EventType "swiss"]
[EventCountry "UAE"]
[SourceTitle "playchess.com"]
[Source "ChessBase"]
[SourceQuality "1"]

1. d4 d6 2. g3 g6 3. Bg2 Bg7 4. Nf3 c5 5. O-O cxd4 6. Nxd4 Nf6 7. c4 O-O 8. Nc3 Nc6 9. Bg5 Bd7 10. Nxc6 Bxc6 11. Nd5 Nxd5 12. cxd5 Bd7 13. Qd2 Re8 14. Rac1 Qb6 15. Be3 Qa6 16. b3 Rac8 17. a4 h5 18. Bf3 Bh3 19. Rfd1 Bd7 20. Rxc8 Rxc8 21. Rc1 Rxc1+ 22. Qxc1 Qa5 23. Kg2 Bf6 24. Bg5 Qb6 25. Bxf6 exf6 26. Qc3 Kg7 27. a5 Qc5 28. Qd2 b6 29. b4 Qc4 30. axb6 axb6 31. Qf4 Qc7 32. h4 Bb5 33. Qd4 Qc4 34. Qxb6 Qxb4 35. Qe3 Ba4 36. Be4 Bb3 37. Bf3 Ba2 38. Qd3 Qc5 39. Qd2 Bb3 40. Qd3 Bc2 41. Qd2 Bb1 42. Qd1 Qb4 43. Kg1 Bf5 44. Kg2 Qc3 45. Qa4 Qe5 46. Kg1 Bc8 47. Qc4 Bh3 48. Kh2 Bf5 49. Kg1 Bb1 50. Qb4 Ba2 51. Qd2 Bc4 52. Kg2 Ba6 53. Qa2 Bc8 54. Qc4 Bd7 55. Kg1 Bh3 56. Kh2 Bf5 57. Kg1 Bd7 58. Kh2 Be8 59. Kg1 Qa1+ 60. Kg2 Qa3 61. Qd4 Bb5 62. Qf4 Qc5 63. Qd2 Bc4 64. Kg1 Bb3 65. Kg2 Qc4 66. Kg1 Bc2 67. Qe3 Qb4 68. Kg2 Bb1 69. Kg1 Bf5 70. Kg2 Bg4 71. Qd3 Bc8 72. Kg1 Qb2 73. Kg2 Bg4 74. Qe4 Bxf3+ 75. Kxf3 f5 76. Qd3 Qa1 77. Kg2 Qe5 78. f4 Qe4+ 79. Kf2 Qb4 80. Ke3 Kg8 81. Qd2 Qb1 82. Kf2 Qh1 83. Qd3 Kf8 84. Qf3 Qc1 85. Qe3 Qc4 86. Qd3 Qc5+ 87. Kf3 Qg1 88. e4 Qh1+ 89. Ke3 Qg2 90. Kd4 Qf2+ 91. Qe3 Qb2+ 92. Kc4 Qc2+ 93. Kd4 Qa4+ 94. Kd3 fxe4+ 95. Qxe4 Qb3+ 96. Kd2 Qxg3 97. f5 Qf2+ 98. Kc3 gxf5 99. Qd3 Qe1+ 100. Kb2 f4 0-1